|
|
|
|
| LEADER |
01748nam a2200433 i 4500 |
| 001 |
EBC4669420 |
| 003 |
MiAaPQ |
| 005 |
20200520144314.0 |
| 006 |
m o d | |
| 007 |
cr cnu|||||||| |
| 008 |
160920t19721972onc o 000 0 eng d |
| 020 |
|
|
|z 9780802017666
|
| 020 |
|
|
|z 9780802017673
|
| 020 |
|
|
|z 9780802000446
|
| 020 |
|
|
|a 9781442652477
|q (electronic bk.)
|
| 035 |
|
|
|a (MiAaPQ)EBC4669420
|
| 035 |
|
|
|a (Au-PeEL)EBL4669420
|
| 035 |
|
|
|a (CaPaEBR)ebr11255953
|
| 035 |
|
|
|a (OCoLC)958580325
|
| 040 |
|
|
|a MiAaPQ
|b eng
|e rda
|e pn
|c MiAaPQ
|d MiAaPQ
|
| 043 |
|
|
|a n-cn---
|
| 050 |
|
4 |
|a HC120.P55
|b .E266 1972
|
| 082 |
0 |
|
|a 301.31
|
| 245 |
0 |
0 |
|a Economic thinking and pollution problems /
|c edited by D. A. L. Auld.
|
| 264 |
|
1 |
|a Toronto, [Ontario] ;
|a Buffalo, [New York] :
|b University of Toronto Press,
|c 1972.
|
| 264 |
|
4 |
|c 1972
|
| 300 |
|
|
|a 1 online resource (193 pages)
|
| 336 |
|
|
|a text
|2 rdacontent
|
| 337 |
|
|
|a computer
|2 rdamedia
|
| 338 |
|
|
|a online resource
|2 rdacarrier
|
| 588 |
|
|
|a Description based on print version record.
|
| 590 |
|
|
|a Electronic reproduction. Ann Arbor, MI : ProQuest, 2016. Available via World Wide Web. Access may be limited to ProQuest affiliated libraries.
|
| 650 |
|
0 |
|a Pollution
|x Economic aspects
|z Canada.
|
| 650 |
|
0 |
|a Pollution
|x Economic aspects.
|
| 655 |
|
4 |
|a Electronic books.
|
| 700 |
1 |
|
|a Auld, D. A. L.
|q (Douglas Allen Lauriston),
|d 1941-
|e editor.
|
| 776 |
0 |
8 |
|i Print version:
|t Economic thinking and pollution problems.
|d Toronto, [Ontario] ; Buffalo, [New York] : University of Toronto Press, c1972
|h viii, 184 pages
|z 9780802017673
|w 75151353
|
| 797 |
2 |
|
|a ProQuest (Firm)
|
| 856 |
4 |
0 |
|u https://ebookcentral.proquest.com/lib/matrademy/detail.action?docID=4669420
|z Click to View
|